Escenarios del nuevo siglo : cuarto foro sobre tendencias sociales /

Informe a manera de congreso de una ambiciosa investigación sociológica que aborda las tendencias de cambios sociales y las perspectivas de futuro en las sociedades contemporáneas. Los estudios se ubican principalmente en España, pero en algunas ocasiones son ampliados al ámbito europeo. La manera d...

Ful tanımlama

Kaydedildi:
Detaylı Bibliyografya
Müşterek Yazar: Foro sobre Tendencias Sociales ( UNED)
Diğer Yazarlar: Tezanos, José Félix (edición) (edición), Castilla, Adolfo (introducción) (introducción)
Materyal Türü: Konferans Sunumu Kitap
Dil:İspanyolca
Baskı/Yayın Bilgisi: Madrid, España : Sistema, 2000, c2000
Seri Bilgileri:(Foro sobre Tendencias Sociales ; 4)
Konular:
Etiketler: Etiketle
Etiket eklenmemiş, İlk siz ekleyin!

MARC

LEADER 00000nam^a2200000^a^4500
001 000181255
005 20250521000000.0
009 20260310101925.956
020 |a 84-86497-47-7 
037 |a Acervo ITESO - Biblioteca 
041 |a ESP 
082 |a 303. 49  |b FOR 1999 
111 |a Foro sobre Tendencias Sociales (  |n 4o :  |n 1999 :  |c UNED) 
240 1 1 |a [Foro sobre Tendencias Sociales] 
245 1 0 |a Escenarios del nuevo siglo :  |b cuarto foro sobre tendencias sociales /  |c Foro sobre Tendencias Sociales ; ed. de J.F. Tezanos ; introd. de A. Castilla. 
264 4 |a Madrid, España :  |b Sistema,  |c 2000, c2000 
300 |a 490 p. 
336 |a texto  |b txt  |2 rdacontenido 
337 |a sin mediación  |b n  |2 rdamedio 
338 |a volumen  |b nc  |2 rdasoporte 
440 1 |a (Foro sobre Tendencias Sociales ;  |v 4) 
520 |a Informe a manera de congreso de una ambiciosa investigación sociológica que aborda las tendencias de cambios sociales y las perspectivas de futuro en las sociedades contemporáneas. Los estudios se ubican principalmente en España, pero en algunas ocasiones son ampliados al ámbito europeo. La manera de abordar esta indagación ha sido explorando las proyecciones de futuro tal como se desprenden de las expectativas y tendencias previstas en la opinión de expertos y de los propios ciudadanos en su conjunto. El presente informe del cuarto foro se compone de tres escenarios principales de reflexión: El primero se refiere al escenario ocupacional y laboral y las mutaciones significtivas que se preveen como es la inclusión de la robótica y la automatización en los puestos de trabajo; el segundo escenario se refiere a la calidad de vida y el tipo de casa del futuro y la influencia del desarrollo de la tecnología para su conceptualización y finalmente el escenario social familiar, en el que se preveen cambios significativos en las manera de relación social, en el bienestar social y la demanda de cuidados para los ancianos en la Europa del futuro. 
649 |a XX 
650 |a Futuro -  |x Congresos 
650 |a Futuro -  |x Investigación 
650 |a Prospectiva 
650 |a Cambios Sociales y Culturales 
650 |a Robótica en la Industria 
650 |a Robótica -  |x Aspectos Sociales y Culturales 
650 |a Automatización 
650 |a Desarrollo Tecnológico 
650 |a Tecnología y Sociedad 
650 |a Vivienda 
650 |a Equipamiento Urbano 
650 |a Asentamientos Humanos 
650 |a Planeación Urbana 
650 |a Pobreza 
650 |a Familia -  |z España 
650 |a Relaciones Familiares 
650 |a Estado de Bienestar 
650 |a Calidad de Vida 
650 |a Política Social 
650 |a Empleo y Desempleo -  |z EUA 
650 |a Mercado de Trabajo -  |z EUA 
650 |a Estructura Económica 
650 |a Problemas Sociales 
650 |a España -  |x Condiciones Sociales y Culturales 
650 |a Encuesta -  |x Informes 
650 |a Entrevistas 
650 |a Metodología Cualitativa 
650 |a Investigación 
650 |a Ciencias Sociales -  |x Investigación 
650 |a Sociología 
700 |a Tezanos, José Félix  |e (edición) 
700 |a Castilla, Adolfo  |e (introducción) 
910 |a Fondo General 
920 |a Impresos - Libros 
930 |a Colección General 
905 |a 101 
901 |a 0500120953  |b IT1  |c ACC  |u 20250521 
902 |a https://opac.biblio.iteso.mx/vufind/Record/000181255